00541 2200181 4500245005900000020002200059250001100081100002600092700002200118650002000140005001900160260003600179041001400215084000800229300002300237500009000260336000900350 a99 Cahaya di Langit EropacHanum Salsabiela RaishText a978-602-03-0328-4 aCet. 1 aHanum Salsabiela Rais aRangga Almahendra aNovel Indonesia a20231005082236 aJakartabGramedia Pustaka Utama aIndonesia a813 a420 hlm. :c20 cm. aaku mengucek-ngucek mata. Lukisan bunda maria dan bayi yesus itu terlihat biasa saja. atext